000 03722cam a2200337 4500500
005 20260517000336.0
041 _afre
042 _adc
100 1 0 _aChougrani, Saada
_eauthor
700 1 0 _aOuhadj, Salah
_eauthor
245 0 0 _aLes questionnaires de sortie et la place des usagers dans le projet qualité à l'Établissement hospitalier universitaire d'Oran
260 _c2014.
500 _a11
520 _aIntroduction : La qualité des soins est un axe stratégique dans toute démarche managériale afin de répondre aux attentes des usagers des systèmes de soins. Ce travail tente de situer l’intérêt des questionnaires de sortie de satisfaction et la place des usagers dans la problématique de la qualité. Méthodes : Nous avons analysé les résultats des enquêtes satisfaction réalisées entre 2010 et 2012 et l’esquisse du projet qualité de l’hôpital. Résultats : Les questionnaires de sortie de 2010 à 2012 ont mis l’accent essentiellement sur les dysfonctionnements de la logistique. Aucun avis n’a été émis sur les soins. Les commentaires et suggestions n’ont rien amené, en termes de suggestions relatives à la participation des patients aux processus de soins. Conclusion : La satisfaction des usagers vue à travers les questionnaires de sortie ne met en évidence que la représentation des professionnels. Or, l’objectif est de mesurer ce que ressent et perçoit l’usager et comment il se représente l’attention qu’on lui accorde. Ces approches menées en dehors d’un cadre stratégique de projet de qualité de l’hôpital ne peuvent être qu’alibis et justificatifs pour des actions d’une efficience limitée ou quasi-nulle.
520 _aPatient satisfaction survey and the place of users in the Oran university hospital quality project Aim: Quality of care is a strategic priority of any management approach in order to meet users’ expectations of health care systems. This study tried to define the role of patient satisfaction surveys and the place of user in the quality of care project. Methods: The results of patient satisfaction surveys conducted between 2010 and 2012 and the draft quality of care project were analysed. Results: Patient satisfaction surveys from 2010 to 2012 focused on logistic shortcomings. No comment was formulated about health care. Comments and suggestions did not provide any contribution in terms of patient involvement in the health care process. Conclusion: The multiple perspectives of quality of care include clinical care and other social objectives of respect for the individual and attention to the patient. User satisfaction as assessed by patient satisfaction surveys or patients’ experiences only reflect the health professionals’ representation. However, the objective is to measure what the user perceives and feels and his/her representation of the attention provided. These approaches, conducted outside of the quality of care strategic plan, only provide a basis for actions with limited or no effectiveness.
690 _aétablissement hospitalier universitaire d'oran
690 _aparticipation du patient
690 _aprojet qualité
690 _aqualité des soins
690 _aquestionnaire sortie
690 _asatisfaction du patient
690 _ausagers
690 _aoran university hospital
690 _apatient participation
690 _apatient satisfaction
690 _aquality of care project
690 _aquality of health care
690 _ausers
786 0 _nSanté Publique | 26 | 4 | 2014-09-25 | p. 499-508 | 0995-3914
856 4 1 _uhttps://stm.cairn.info/revue-sante-publique-2014-4-page-499?lang=fr&redirect-ssocas=7080
999 _c2231445
_d2231445